Hydraulic and excavation tables.

Bibliographic Details
Corporate Author: United States. Geological Survey. Reclamation Service
Format: Government Document eBook
Language:English
Published: Washington, D.C. : U.S. Government Printing Office, 1905.
Subjects:
Online Access:Connect to the full text of this electronic document

MARC

Tag First Indicator Second Indicator Subfields
LEADER 00000cam a22000001a 4500
001 in00003637421
006 m o d f
007 cr bn mmmapmmp
008 010108s1905 dcu o f000 0 eng d
005 20260611144957.9
035 |a ebd1909302268 
040 |a UMI  |c UMI  |d UtOrBLW 
043 |a n-us--- 
086 0 |a I 19.17/2:H 99/1 
099 |a I1917-2.1 
245 0 0 |a Hydraulic and excavation tables. 
264 1 |a Washington, D.C. :  |b U.S. Government Printing Office,  |c 1905. 
300 |a 1 online resource (76 pages) 
336 |a text  |b txt  |2 rdacontent 
337 |a computer  |b c  |2 rdamedia 
338 |a online resource  |b cr  |2 rdacarrier 
500 |a Record is based on bibliographic data in ProQuest U.S. Executive Branch Documents, 1789-1909. Reuse except for individual research requires license from ProQuest, LLC. 
500 |a With data. 
533 |a Electronic reproduction.  |b [Bethesda, Md.] :  |c ProQuest,  |d 2012.  |e digital, PDF file.  |n ProQuest U.S. Executive Branch Documents, 1789-1909.  |n Mode of access: World Wide Web via ProQuest website. 
538 |a System requirements: PDF reader software. 
500 |a Electronic resource. 
650 0 |a Excavation  |v Tables. 
650 0 |a Hydraulic measurements  |v Tables. 
655 7 |a Electronic books.  |2 local 
710 1 |a United States.  |b Geological Survey.  |b Reclamation Service. 
776 1 8 |i Microfiche version:  |t Hydraulic and excavation tables  |o CIS US Exec MF I1917-2.1  |w (ProQuest)cis19031803 
856 4 0 |u http://proxy.library.tamu.edu/login?url=https://congressional.proquest.com/congressional/docview/t66.d71.i1917-2.1  |z Connect to the full text of this electronic document  |t 0 
999 f f |s 72edf920-ba97-3018-af43-0d889219e275  |i 3c275e04-231c-328b-a2c0-f840c881ffa0  |t 0 
952 f f |a Texas A&M University  |b College Station  |c Electronic Resources  |s www_evans  |d Available Online  |t 0  |h No information provided 
998 f f |t 0  |l Available Online